00359nam a22001217a 4500020001800000040000900018082001600027100002000043245008400063250001600147260004700163650002700210 a9789400702561 cNUST a004.21bMAR aMarwedel, Peter aEmbedded System Design:bEmbedded Systems Foundations of Cyber-Physical Systems a2nd Edition aLondon:bSpringer Science+Business,c2011. aEmbedded System Design